A Study on depression in Bangladeshi children as a function of gender, family structure and age / (Record no. 78558)
[ view plain ]
| 000 -LEADER | |
|---|---|
| fixed length control field | 01021nam a2200265 a 4500 |
| 001 - CONTROL NUMBER | |
| control field | 78558 |
| 003 - CONTROL NUMBER IDENTIFIER | |
| rucl marc code | BD-RjUL |
| 005 - DATE AND TIME OF LATEST TRANSACTION | |
| control field | 20211209083137.0 |
| 008 - FIXED-LENGTH DATA ELEMENTS--GENERAL INFORMATION | |
| fixed length control field | 211005s2009 eng||||| m||| 00| 0 eng d |
| 035 ## - SYSTEM CONTROL NUMBER | |
| System control number | (BD-RjUL)78784 |
| 040 ## - CATALOGING SOURCE | |
| Original cataloging agency | BD-RjUL |
| Language of cataloging | eng |
| Transcribing agency | BD-RjUL |
| Modifying agency | BD-RjUL |
| 041 ## - LANGUAGE CODE | |
| Language code of text/sound track or separate title | eng |
| 082 ## - DEWEY DECIMAL CLASSIFICATION NUMBER | |
| Edition number | 23 |
| Classification number | 155.40954924 |
| Author mark and year | CHS 2009 |
| 100 1# - MAIN ENTRY--PERSONAL NAME | |
| Personal name | Chowdhury, Eva Tania |
| 9 (RLIN) | 248881 |
| 245 12 - TITLE STATEMENT | |
| Title | A Study on depression in Bangladeshi children as a function of gender, family structure and age / |
| Statement of responsibility, etc. | Submitted by Eva Tania Chowdhury ; |
| Linkage | Supervisor : Nazma Afroz |
| 260 ## - PUBLICATION, DISTRIBUTION, ETC. (IMPRINT) | |
| Place of publication, distribution, etc. | Rajshahi : |
| Name of publisher, distributor, etc. | Department of Psychology, University of Rajshahi, |
| Date of publication, distribution, etc. | 2009 |
| 300 ## - PHYSICAL DESCRIPTION | |
| Pagination | [1], viii, 155 leaves ; |
| Size | 29cm. |
| 502 ## - DISSERTATION NOTE | |
| Dissertation note | Thesis (Ph. D.)--Department of Psychology, University of Rajshahi, 2009 |
| 504 ## - BIBLIOGRAPHY, ETC. NOTE | |
| Bibliography, etc | References : leaves 130-154 |
| 600 ## - SUBJECT ADDED ENTRY--PERSONAL NAME | |
| Titles and other words associated with a name | |
| 650 ## - SUBJECT ADDED ENTRY--TOPICAL TERM | |
| Topical term or geographic name as entry element | Depression in children |
| Geographic subdivision | Bangladesh |
| -- | Rajshahi city |
| 9 (RLIN) | 249000 |
| Topical term or geographic name as entry element | depressive disorder |
| 9 (RLIN) | 32444 |
| 700 ## - ADDED ENTRY--PERSONAL NAME | |
| Personal name | Afroz, Nazma, Supervisor |
| 942 ## - ADDED ENTRY ELEMENTS (KOHA) | |
| Source of classification or shelving scheme | Dewey Decimal Classification |
| Koha item type | Theses |
| Lost status | Source of classification or shelving scheme | Damaged status | Not for loan | Collection code | Permanent Location | Current Location | Shelving location | Date acquired | Source of acquisition | Total Checkouts | Full call number | Date last seen | Copy number | Koha item type |
|---|---|---|---|---|---|---|---|---|---|---|---|---|---|---|
| Dewey Decimal Classification | Not For Loan | Theses | Central Library, University of Rajshahi | Central Library, University of Rajshahi | Documentation Section | 25/05/2011 | Controller of Exam., R.U. | THE 155.40954924 CHS 2009 | 05/10/2021 | C-1 | Theses |